Two-phase steam flow in turbines and separators (Record no. 7231)

000 -LEADER
fixed length control field 00735nam a2200241 i 4500
001 - CONTROL NUMBER
control field 7231
003 - CONTROL NUMBER IDENTIFIER
control field BD-DhUET
008 - FIXED-LENGTH DATA ELEMENTS--GENERAL INFORMATION
fixed length control field 760317s1976 dcua b 001 0 eng
020 ## - INTERNATIONAL STANDARD BOOK NUMBER
International Standard Book Number 0070429928
040 ## - CATALOGING SOURCE
Original cataloging agency DLC
Transcribing agency DLC
Modifying agency BD-DhUET
082 00 - DEWEY DECIMAL CLASSIFICATION NUMBER
Classification number 621.165
Item number MOC/1976
245 00 - TITLE STATEMENT
Title Two-phase steam flow in turbines and separators
Remainder of title theory, instrumentation, engineering
Statement of responsibility, etc. edited by M. J. Moore and C. H. Sieverding
250 ## - EDITION STATEMENT
Edition statement 1st.ed.
260 ## - PUBLICATION, DISTRIBUTION, ETC. (IMPRINT)
Place of publication, distribution, etc. Washington
Name of publisher, distributor, etc. Hemisphere Publishing
Date of publication, distribution, etc. 1976
300 ## - PHYSICAL DESCRIPTION
Extent xi, 399 p.
Other physical details ill.
Dimensions 24 cm.
490 0# - SERIES STATEMENT
Series statement Series in thermal and fluids engineering
500 ## - GENERAL NOTE
General note ay 1974."
650 #0 - SUBJECT ADDED ENTRY--TOPICAL TERM
Topical term or geographic name as entry element Two-phase flow
650 #0 - SUBJECT ADDED ENTRY--TOPICAL TERM
Topical term or geographic name as entry element Steam flow
700 1# - ADDED ENTRY--PERSONAL NAME
Personal name Moore, M. J.
700 ## - ADDED ENTRY--PERSONAL NAME
Personal name Sieverding, C. H.
942 ## - ADDED ENTRY ELEMENTS (KOHA)
Koha item type Edited Book
Holdings
Not for loan Sublocation or collection (holding branch) Koha item type Price effective from Koha normalized classification for sorting Location (home branch) Lost status Withdrawn status Shelving location Copy number Piece designation (barcode) Damaged status Source of classification or shelving scheme Date acquired Koha full call number Koha date last seen
 Central Library, BUETGeneral Book2014-12-07621_165000000000000_MOC1976Central Library, BUET  Circulation section354544  2014-12-07621.165/ MOC/19762014-12-07
 Central Library, BUETEdited Book2015-02-08621_165000000000000_MOC_1976Central Library, BUET  Circulation section150566  2015-02-08621.165/MOC/19762015-02-08